Lineamientos para el análisis de términos en bibliotecología /
Guardat en:
| Autor principal: | |
|---|---|
| Format: | Llibre |
| Idioma: | espanyol |
| Publicat: |
México :
UNAM, Centro Universitario de Investigaciones Bibliotecológicas,
1998, c1998
|
| Col·lecció: | (Monografías CUIB ;
26) |
| Matèries: | |
| Etiquetes: |
Sense etiquetes, Sigues el primer a etiquetar aquest registre!
|
MARC
| LEADER | 00000nam^a2200000^a^4500 | ||
|---|---|---|---|
| 001 | 000154462 | ||
| 005 | 20250521000000.0 | ||
| 009 | 20260310100354.68 | ||
| 020 | |a 968-36-7476-3 | ||
| 037 | |a Acervo ITESO - Biblioteca | ||
| 041 | |a ESP | ||
| 082 | |a 020. 1 |b TOR | ||
| 100 | |a Torres Vargas, Georgina Araceli |e (autor) | ||
| 245 | 1 | 0 | |a Lineamientos para el análisis de términos en bibliotecología / |c G.A. Torres Vargas. |
| 264 | 4 | |a México : |b UNAM, Centro Universitario de Investigaciones Bibliotecológicas, |c 1998, c1998 | |
| 300 | |a 89 p. | ||
| 336 | |a texto |b txt |2 rdacontenido | ||
| 337 | |a sin mediación |b n |2 rdamedio | ||
| 338 | |a volumen |b nc |2 rdasoporte | ||
| 440 | 1 | |a (Monografías CUIB ; |v 26) | |
| 649 | |a XX | ||
| 650 | |a Biblioteconomía - |x Glosarios, Vocabularios, etc. - |x Análisis | ||
| 910 | |a Fondo General | ||
| 920 | |a Impresos - Libros | ||
| 930 | |a Colección General | ||
| 905 | |a 101 | ||
| 901 | |a 0500086012 |b IT1 |c ACC |u 20250521 | ||
| 902 | |a https://opac.biblio.iteso.mx/vufind/Record/000154462 | ||